Frida by Frida : selection of letters and texts /

Bibliographic Details
Main Author: Kahlo, Frida
Other Authors: Tibol, Raquel
Format: Book
Language:English
Published: México : Editorial RM ; 2006.
Edition:[2nd expanded ed.].
Subjects:

MARC

Tag First Indicator Second Indicator Subfields
LEADER 00000cam a2200000Ia 4500
001 in00002280113
005 20151105102309.0
008 070524s2006 sp a b 001 0 eng d
019 |a 154790410 
020 |a 9789685208468 (hd.bd.) 
020 |a 9685208468 (hd.bd.) 
029 0 |a OHX  |b har075007555 
035 |a (OCoLC)ocn122935833 
035 |a (OCoLC)ocn154790410 
035 |a (OCoLC)154790410 
035 |a (OCoLC)122935833  |z (OCoLC)154790410 
040 |a OHX  |c OHX  |d BAKER  |d BTCTA  |d YDXCP  |d UtOrBLW 
041 1 |a eng  |h spa 
043 |a n-mx--- 
049 |a TXAM 
072 7 |a ND  |2 lcco 
090 |a ND259.K33  |b A33 2006 
100 1 |a Kahlo, Frida. 
245 1 0 |a Frida by Frida :  |b selection of letters and texts /  |c foreword and notes by Raquel Tibol ; translated by Gregory Dechant. 
250 |a [2nd expanded ed.]. 
264 1 |a México :  |b Editorial RM ;  |c 2006. 
264 2 |a Chula Vista, CA :  |b Distributed in the USA by Trucatriche, 
300 |a 399 pages :  |b illustrations ;  |c 22 cm. 
336 |a text  |b txt  |2 rdacontent 
337 |a unmediated  |b n  |2 rdamedia 
338 |a volume  |b nc  |2 rdacarrier 
504 |a Includes bibliographical references (pages 387-391) and index. 
600 1 0 |a Kahlo, Frida  |v Correspondence. 
650 0 |a Painters  |z Mexico  |v Correspondence. 
700 1 |a Tibol, Raquel. 
938 |a Otto Harrassowitz  |b HARR  |n har075007555  |c 35.00 EUR 
938 |a Baker & Taylor  |b BKTY  |c 25.00  |d 18.75  |i 9685208468  |n 0007287748  |s active 
938 |a Baker and Taylor  |b BTCP  |n BK0007287748 
938 |a YBP Library Services  |b YANK  |n 2579247 
994 |a C0  |b TXA 
948 |a cataloged  |b h  |c 2007/9/7  |d c  |e nbehmer  |f 12:58:02 pm 
999 |a MARS 
999 f f |s 6e0c8891-b616-3368-834c-8299d935a35a  |i b626db62-3aaa-3037-b181-abba2cfe68c8  |t 0 
952 f f |p normal  |a Texas A&M University  |b College Station  |c Sterling C. Evans Library  |d Evans: Library Stacks  |t 0  |e ND259.K33 A33 2006  |h Library of Congress classification  |i unmediated -- volume  |m A14836222899 
998 f f |a ND259.K33 A33 2006  |t 0  |l Evans: Library Stacks